Ananthanarayan and Paniker's Textbook of Microbiology (Record no. 22703)

MARC details
000 -LEADER
fixed length control field 00395nam a22001697a 4500
003 - CONTROL NUMBER IDENTIFIER
control field SGT
020 ## - INTERNATIONAL STANDARD BOOK NUMBER
International Standard Book Number 9789393330017
082 ## - DEWEY DECIMAL CLASSIFICATION NUMBER
Classification number 616.01
Item number A22K
100 ## - MAIN ENTRY--PERSONAL NAME
Personal name Kanungo, Reba
245 ## - TITLE STATEMENT
Title Ananthanarayan and Paniker's Textbook of Microbiology
250 ## - EDITION STATEMENT
Edition statement 12th
260 ## - PUBLICATION, DISTRIBUTION, ETC. (IMPRINT)
Name of publisher, distributor, etc University Press
Year of Publication 2022
300 ## - PAGE DESCRIPTION
No. of Pages 658
650 ## - SUBJECT ADDED ENTRY--TOPICAL TERM
Topical term or geographic name as entry element Microbiology
653 ## - KEYWORDS--INDEX TERM
Keyword term Microbiology
942 ## - ADDED ENTRY ELEMENTS (KOHA)
Source of classification or shelving scheme Dewey Decimal Classification
Koha item type Books
942 ## - ADDED ENTRY ELEMENTS (KOHA)
-- 3
Holdings
Withdrawn status Lost status Source of classification or shelving scheme Damaged status Not for loan Home library Current library Date acquired Vendor Name Cost, normal purchase price SGTU Bill Number Total Checkouts Full call number Accession No. (Barcode) Date last seen Bill Date Koha item type Date last borrowed
    Dewey Decimal Classification     SGT Dental Library SGT Dental Library 05/05/2022 Ahuja Book Co. Pvt. Ltd. 1250.00 SGTU 14353   616.01 A22K FD8609 05/05/2022 16/04/2022 Books  
    Dewey Decimal Classification     SGT Dental Library SGT Dental Library 05/05/2022 Ahuja Book Co. Pvt. Ltd. 1250.00 SGTU 14353   616.01 A22K FD8610 05/05/2022 16/04/2022 Books  
    Dewey Decimal Classification     SGT Dental Library SGT Dental Library 05/05/2022 Ahuja Book Co. Pvt. Ltd. 1250.00 SGTU 14353 1 616.01 A22K FD8611 03/11/2022 16/04/2022 Books 17/10/2022
    Dewey Decimal Classification     SGT Dental Library SGT Dental Library 05/05/2022 Ahuja Book Co. Pvt. Ltd. 1250.00 SGTU 14353 3 616.01 A22K FD8612 28/06/2025 16/04/2022 Books 28/06/2025
    Dewey Decimal Classification     SGT Dental Library SGT Dental Library 05/05/2022 Ahuja Book Co. Pvt. Ltd. 1250.00 SGTU 14353   616.01 A22K FD8613 05/05/2022 16/04/2022 Books